<?xml version="1.0" encoding="UTF-8"?>
<record
    xmlns:xsi="http://www.w3.org/2001/XMLSchema-instance"
    xsi:schemaLocation="http://www.loc.gov/MARC21/slim http://www.loc.gov/standards/marcxml/schema/MARC21slim.xsd"
    xmlns="http://www.loc.gov/MARC21/slim">

  <leader>00374nam a2200145Ia 4500</leader>
  <controlfield tag="008">191201s2011    xx            000 0 und d</controlfield>
  <datafield tag="082" ind1=" " ind2=" ">
    <subfield code="a">621.384</subfield>
    <subfield code="b">MIR</subfield>
  </datafield>
  <datafield tag="100" ind1=" " ind2=" ">
    <subfield code="a">MITHAL, G K</subfield>
  </datafield>
  <datafield tag="245" ind1=" " ind2="0">
    <subfield code="a">Radio Engineering Principles of Communication Systems</subfield>
  </datafield>
  <datafield tag="250" ind1=" " ind2=" ">
    <subfield code="a">Rep</subfield>
  </datafield>
  <datafield tag="260" ind1=" " ind2=" ">
    <subfield code="a">N. Delhi</subfield>
    <subfield code="b">Khanna Publisher</subfield>
    <subfield code="c">2011</subfield>
  </datafield>
  <datafield tag="300" ind1=" " ind2=" ">
    <subfield code="a">540</subfield>
  </datafield>
  <datafield tag="650" ind1=" " ind2=" ">
    <subfield code="a">B.Tech(CSE)</subfield>
  </datafield>
  <datafield tag="942" ind1=" " ind2=" ">
    <subfield code="2">ddc</subfield>
    <subfield code="c">BK</subfield>
  </datafield>
  <datafield tag="999" ind1=" " ind2=" ">
    <subfield code="c">5645</subfield>
    <subfield code="d">5645</subfield>
  </datafield>
  <datafield tag="952" ind1=" " ind2=" ">
    <subfield code="0">0</subfield>
    <subfield code="1">0</subfield>
    <subfield code="2">ddc</subfield>
    <subfield code="4">0</subfield>
    <subfield code="7">0</subfield>
    <subfield code="8">BTECHCSE</subfield>
    <subfield code="a">PIET</subfield>
    <subfield code="b">PIET</subfield>
    <subfield code="d">2013-05-09</subfield>
    <subfield code="e">IBH, New Delhi</subfield>
    <subfield code="g">210.00</subfield>
    <subfield code="k">1021</subfield>
    <subfield code="l">0</subfield>
    <subfield code="o">621.384 MIR</subfield>
    <subfield code="p">21809</subfield>
    <subfield code="r">2019-12-04 00:00:00</subfield>
    <subfield code="w">2013-05-06</subfield>
    <subfield code="y">BK</subfield>
  </datafield>
  <datafield tag="952" ind1=" " ind2=" ">
    <subfield code="0">0</subfield>
    <subfield code="1">0</subfield>
    <subfield code="2">ddc</subfield>
    <subfield code="4">0</subfield>
    <subfield code="7">0</subfield>
    <subfield code="8">BTECHCSE</subfield>
    <subfield code="a">PIET</subfield>
    <subfield code="b">PIET</subfield>
    <subfield code="d">2013-05-09</subfield>
    <subfield code="e">IBH, New Delhi</subfield>
    <subfield code="g">210.00</subfield>
    <subfield code="k">1021</subfield>
    <subfield code="l">2</subfield>
    <subfield code="o">621.384 MIR</subfield>
    <subfield code="p">21810</subfield>
    <subfield code="r">2020-02-24 00:00:00</subfield>
    <subfield code="s">2020-02-07</subfield>
    <subfield code="w">2013-05-06</subfield>
    <subfield code="y">BK</subfield>
  </datafield>
  <datafield tag="952" ind1=" " ind2=" ">
    <subfield code="0">0</subfield>
    <subfield code="1">0</subfield>
    <subfield code="2">ddc</subfield>
    <subfield code="4">0</subfield>
    <subfield code="7">0</subfield>
    <subfield code="8">BTECHCSE</subfield>
    <subfield code="a">PIET</subfield>
    <subfield code="b">PIET</subfield>
    <subfield code="d">2013-05-09</subfield>
    <subfield code="e">IBH, New Delhi</subfield>
    <subfield code="g">210.00</subfield>
    <subfield code="k">1021</subfield>
    <subfield code="l">1</subfield>
    <subfield code="o">621.384 MIR</subfield>
    <subfield code="p">21811</subfield>
    <subfield code="r">2020-02-19 00:00:00</subfield>
    <subfield code="s">2020-02-17</subfield>
    <subfield code="w">2013-05-06</subfield>
    <subfield code="y">BK</subfield>
  </datafield>
  <datafield tag="952" ind1=" " ind2=" ">
    <subfield code="0">0</subfield>
    <subfield code="1">0</subfield>
    <subfield code="2">ddc</subfield>
    <subfield code="4">0</subfield>
    <subfield code="7">0</subfield>
    <subfield code="8">BTECHCSE</subfield>
    <subfield code="a">PIET</subfield>
    <subfield code="b">PIET</subfield>
    <subfield code="d">2013-05-09</subfield>
    <subfield code="e">IBH, New Delhi</subfield>
    <subfield code="g">210.00</subfield>
    <subfield code="k">1021</subfield>
    <subfield code="l">1</subfield>
    <subfield code="o">621.384 MIR</subfield>
    <subfield code="p">21812</subfield>
    <subfield code="r">2020-11-21 00:00:00</subfield>
    <subfield code="s">2020-01-17</subfield>
    <subfield code="w">2013-05-06</subfield>
    <subfield code="y">BK</subfield>
  </datafield>
  <datafield tag="952" ind1=" " ind2=" ">
    <subfield code="0">0</subfield>
    <subfield code="1">0</subfield>
    <subfield code="2">ddc</subfield>
    <subfield code="4">0</subfield>
    <subfield code="7">0</subfield>
    <subfield code="8">BTECHCSE</subfield>
    <subfield code="a">PIET</subfield>
    <subfield code="b">PIET</subfield>
    <subfield code="d">2013-05-09</subfield>
    <subfield code="e">IBH, New Delhi</subfield>
    <subfield code="g">210.00</subfield>
    <subfield code="k">1021</subfield>
    <subfield code="l">1</subfield>
    <subfield code="o">621.384 MIR</subfield>
    <subfield code="p">21813</subfield>
    <subfield code="r">2020-02-27 00:00:00</subfield>
    <subfield code="s">2020-02-17</subfield>
    <subfield code="w">2013-05-06</subfield>
    <subfield code="y">BK</subfield>
  </datafield>
  <datafield tag="952" ind1=" " ind2=" ">
    <subfield code="0">0</subfield>
    <subfield code="1">0</subfield>
    <subfield code="2">ddc</subfield>
    <subfield code="4">0</subfield>
    <subfield code="7">0</subfield>
    <subfield code="8">BTECHCSE</subfield>
    <subfield code="a">PIET</subfield>
    <subfield code="b">PIET</subfield>
    <subfield code="d">2013-05-09</subfield>
    <subfield code="e">IBH, New Delhi</subfield>
    <subfield code="g">210.00</subfield>
    <subfield code="k">1021</subfield>
    <subfield code="l">1</subfield>
    <subfield code="o">621.384 MIR</subfield>
    <subfield code="p">21814</subfield>
    <subfield code="r">2021-03-27 00:00:00</subfield>
    <subfield code="s">2021-02-25</subfield>
    <subfield code="w">2013-05-06</subfield>
    <subfield code="y">BK</subfield>
  </datafield>
  <datafield tag="952" ind1=" " ind2=" ">
    <subfield code="0">0</subfield>
    <subfield code="1">0</subfield>
    <subfield code="2">ddc</subfield>
    <subfield code="4">0</subfield>
    <subfield code="7">0</subfield>
    <subfield code="8">BTECHCSE</subfield>
    <subfield code="a">PIET</subfield>
    <subfield code="b">PIET</subfield>
    <subfield code="d">2013-05-09</subfield>
    <subfield code="e">IBH, New Delhi</subfield>
    <subfield code="g">210.00</subfield>
    <subfield code="k">1021</subfield>
    <subfield code="l">0</subfield>
    <subfield code="o">621.384 MIR</subfield>
    <subfield code="p">21815</subfield>
    <subfield code="r">2019-12-04 00:00:00</subfield>
    <subfield code="w">2013-05-06</subfield>
    <subfield code="y">BK</subfield>
  </datafield>
  <datafield tag="952" ind1=" " ind2=" ">
    <subfield code="0">0</subfield>
    <subfield code="1">0</subfield>
    <subfield code="2">ddc</subfield>
    <subfield code="4">0</subfield>
    <subfield code="7">0</subfield>
    <subfield code="8">BTECHCSE</subfield>
    <subfield code="a">PIET</subfield>
    <subfield code="b">PIET</subfield>
    <subfield code="d">2013-05-09</subfield>
    <subfield code="e">IBH, New Delhi</subfield>
    <subfield code="g">210.00</subfield>
    <subfield code="k">1021</subfield>
    <subfield code="l">1</subfield>
    <subfield code="o">621.384 MIR</subfield>
    <subfield code="p">21816</subfield>
    <subfield code="r">2020-02-27 00:00:00</subfield>
    <subfield code="s">2020-02-17</subfield>
    <subfield code="w">2013-05-06</subfield>
    <subfield code="y">BK</subfield>
  </datafield>
  <datafield tag="952" ind1=" " ind2=" ">
    <subfield code="0">0</subfield>
    <subfield code="1">0</subfield>
    <subfield code="2">ddc</subfield>
    <subfield code="4">0</subfield>
    <subfield code="7">0</subfield>
    <subfield code="8">BTECHCSE</subfield>
    <subfield code="a">PIET</subfield>
    <subfield code="b">PIET</subfield>
    <subfield code="d">2013-05-09</subfield>
    <subfield code="e">IBH, New Delhi</subfield>
    <subfield code="g">210.00</subfield>
    <subfield code="k">1021</subfield>
    <subfield code="l">1</subfield>
    <subfield code="o">621.384 MIR</subfield>
    <subfield code="p">21817</subfield>
    <subfield code="r">2020-01-02 00:00:00</subfield>
    <subfield code="s">2019-12-30</subfield>
    <subfield code="w">2013-05-06</subfield>
    <subfield code="y">BK</subfield>
  </datafield>
  <datafield tag="952" ind1=" " ind2=" ">
    <subfield code="0">0</subfield>
    <subfield code="1">0</subfield>
    <subfield code="2">ddc</subfield>
    <subfield code="4">0</subfield>
    <subfield code="7">0</subfield>
    <subfield code="8">BTECHCSE</subfield>
    <subfield code="a">PIET</subfield>
    <subfield code="b">PIET</subfield>
    <subfield code="d">2013-05-09</subfield>
    <subfield code="e">IBH, New Delhi</subfield>
    <subfield code="g">210.00</subfield>
    <subfield code="k">1021</subfield>
    <subfield code="l">2</subfield>
    <subfield code="o">621.384 MIR</subfield>
    <subfield code="p">21818</subfield>
    <subfield code="r">2022-01-24 00:00:00</subfield>
    <subfield code="s">2022-01-24</subfield>
    <subfield code="w">2013-05-06</subfield>
    <subfield code="y">BK</subfield>
  </datafield>
</record>
